| 000 | 00616nam a2200217Ia 4500 | ||
|---|---|---|---|
| 003 | OSt | ||
| 005 | 20250113112817.0 | ||
| 008 | 210716s1991 xx 000 0 und d | ||
| 020 | _a0446403032 | ||
| 040 | _cAIMIT LIBRARY | ||
| 041 | _aeng | ||
| 082 |
_a808.83 _21 _bMACC |
||
| 100 |
_aMacleod, Charlotte. _9193239 |
||
| 245 |
_aChristmas stalkings / _cBy Charlotte Macleod. |
||
| 250 | _a1st ed. | ||
| 260 |
_aNew York : _bWarner books ; _c1991. |
||
| 300 |
_a264p. ; _bPB _c17 cm. |
||
| 650 |
_aCounterfeit christmas _9193240 |
||
| 650 |
_aPolitical nesessity _9193241 |
||
| 942 |
_2ddc _cBK _e1st ed. _k808.83 MACC |
||
| 999 |
_c200010 _d200010 |
||